|
|
|
|
| LEADER |
00000nam0a2200000 4500 |
| 001 |
150811 |
| 005 |
20231101221520.0 |
| 010 |
|
|
|a 9785382008554
|
| 035 |
|
|
|a (RuTPU)RU\TPU\book\163515
|
| 090 |
|
|
|a 150811
|
| 100 |
|
|
|a 20090114d2008 km y0rusy50 ca
|
| 101 |
0 |
|
|a rus
|
| 102 |
|
|
|a RU
|
| 105 |
|
|
|a a z 000zy
|
| 200 |
1 |
|
|a Производственные функции комплексных переменных. Экономико-математическое моделирование производственной динамики
|f С. Г. Светуньков, И. С. Светуньков
|g Санкт-Петербургский государственный университет экономики и финансов (СПбГУЭФ)
|
| 210 |
|
|
|a Москва
|c Изд-во ЛКИ
|d 2008
|
| 215 |
|
|
|a 136 с.
|c ил.
|
| 330 |
|
|
|a В настоящей монографии рассматривается новый раздел-в теории производственных функций, который образуется использованием в ней элементов теории функций комплексного переменного. Последняя теория является хорошо разработанным разделом современной математики, и она широко применяется в различных направлениях науки: физике, электротехнике, механике и т.д. Несмотря на огромные успехи теории функций комплексного переменного в этих дисциплинах, ее использование в экономической науке не осуществлялось. Монография представляет собой первую системную работу в этом направлении. В ней рассматриваются аддитивные и степенные модели производственных функций комплексного аргумента и комплексных переменных. Монография предназначена для ученых, интересующихся использованием математических методов в экономике. Она будет полезна аспирантам, магистрантам и студентам, применяющим в своих исследованиях экономико-математические методы и модели.
|
| 606 |
1 |
|
|a Функции многих комплексных переменных
|2 stltpush
|3 (RuTPU)RU\TPU\subj\17065
|9 42907
|
| 610 |
1 |
|
|a производственные функции
|
| 610 |
1 |
|
|a линейные производные
|
| 610 |
1 |
|
|a степенные производные
|
| 610 |
1 |
|
|a экономико-математическое моделирование
|
| 610 |
1 |
|
|a математика
|
| 610 |
1 |
|
|a экономика
|
| 675 |
|
|
|a 517.55
|v 3
|
| 700 |
|
1 |
|a Светуньков
|b С. Г.
|g Сергей Геннадьевич
|
| 701 |
|
1 |
|a Светуньков
|b И. С.
|g Иван Сергеевич
|
| 712 |
0 |
2 |
|a Санкт-Петербургский государственный университет экономики и финансов (СПбГУЭФ)
|c (1991- )
|2 stltpush
|3 (RuTPU)RU\TPU\col\151
|
| 801 |
|
1 |
|a RU
|b 63413507
|c 20090114
|g PSBO
|
| 801 |
|
2 |
|a RU
|b 63413507
|c 20120406
|g PSBO
|
| 942 |
|
|
|c BK
|